Statistics for How Deep Is Your Love - Bee Gees (All Lyrics)

Click here to take the quiz!

General Stats

  • This quiz has been taken 50 times
  • The average score is 202 of 269

Answer Stats

Answer% Correct
I
100%
How
97%
deep
94%
is
94%
love
94%
love?
94%
You
94%
you
94%
your
94%
a
89%
And
86%
and
86%
me
86%
to
86%
when
86%
When
86%
in
83%
the
83%
We
83%
do
81%
be
78%
'Cause
78%
need
75%
we're
75%
all
72%
down
72%
feel
72%
my
72%
of
72%
really
72%
should
72%
sun
72%
world
72%
know
69%
livin'
69%
mornin'
69%
us
69%
it's
67%
let
67%
show
67%
that
67%
belong
64%
come
64%
fools
64%
on
64%
they
64%
touch
64%
Breakin'
61%
rain
61%
summer
61%
then
61%
arms
58%
Keep
58%
learn
58%
pourin'
58%
again
56%
breeze
56%
eyes
56%
wanna
56%
warm
53%
leave
50%
moment
50%
believe
47%
from
47%
softly
47%
for
44%
far
42%
not
42%
You're
42%
wander
39%
inside
36%
light
36%
mean
36%
soul
36%
care
33%
darkest
33%
think
33%
fall
31%
may
31%
deepest
28%
hour
28%
door
25%
very
25%
saviour
19%
Na
11%
na
11%

Score Distribution

Percentile by Number Answered

Percent of People with Each Score

Your Score History

You have not taken this quiz